000 00471nam a2200181Ia 4500
001 19734
005 20260306172714.0
008 260306t2005||||xx |||||||||||||| ||spa||
041 _aESP
082 _a341
_bN27
100 _aRivas, Pedro (ed.)
_eAUT
245 0 _aNatura, ius, ratio:
_bestudios sobre la filosofía jurídica de Javier Hervada
260 _c2005
300 _a203 páginas :
_c23 cm.
650 _aGEN
654 _aCDE
942 _cLIB
_dJUS
_fJUS
_2ddc
_n
999 _c19734
_d19734